[Event "Challenge"]
[Site "http://www.queenalice.com/game.php?id=456390"]
[Date "2008.8.31"]
[Round "-"]
[White "edhamme"]
[Black "edwardpopplewell"]
[Result "1-0"]
[WhiteElo "1521"]
[BlackElo "1500"]

1. e4 Nc6 2. d4 Nf6 3. e5 Nd5 4. Bd2 g6 5. Nf3 f5 6. c4 Ncb4 7. cxd5 b5 8. Bxb4
d6 9. e6 a5 10. Bxb5+ Bd7 11. Bxd7+ Qxd7 12. exd7+ Kxd7 13. Qa4+ Kc8 14. Qe8+
Kb7 15. Qb5+ Kc8 16. Bd2 Rb8 17. Qxa5 Rxb2 18. O-O h5 19. Rc1 Bh6 20. Qxc7# 1-0

[Event "Challenge"]
[Site "http://www.queenalice.com/game.php?id=457692"]
[Date "2008.9.3"]
[Round "-"]
[White "edwardpopplewell"]
[Black "Urko"]
[Result "0-1"]
[WhiteElo "1311"]
[BlackElo "1589"]

1. e4 e5 2. Nc3 a6 3. Nf3 Nc6 4. Bc4 Bc5 5. Nd5 d6 6. h4 h6 7. a4 Nf6 8. d3 Ng4
9. Rf1 Nd4 10. Bd2 Nxf3+ 11. Qxf3 Nh2 12. Qe2 Nxf1 13. Qh5 Rf8 14. Kxf1 c6 15.
Re1 cxd5 16. Bxd5 Qf6 17. b4 Qxf2# 0-1

[Event "piolho no saco (6)"]
[Site "http://www.queenalice.com/game.php?id=465917"]
[Date "2008.9.20"]
[Round "-"]
[White "edwardpopplewell"]
[Black "PIOLHO"]
[Result "0-1"]
[WhiteElo "1162"]
[BlackElo "1440"]

1. Nf3 d5 2. d4 Nc6 3. Nc3 Nf6 4. h4 Bg4 5. Bf4 Bxf3 6. gxf3 e6 7. e4 dxe4 8.
Nb5 Bd6 9. Bg3 Bxg3 10. fxg3 exf3 11. a4 a6 12. Nc3 Nxd4 13. Rh2 O-O 14. Rd2 Ne4
15. Nxe4 f5 16. Rxd4 Qe7 17. Ng5 e5 18. Rd5 h6 19. Nxf3 Rad8 20. Ra3 Rxd5 21.
Qxd5+ Kh8 22. c4 e4 23. Re3 Qb4+ 24. Rc3 Qxb2 25. Qd4 Qb4 26. Ne5 Kh7 27. Kd2
Qb2+ 28. Ke3 Qb4 29. Bh3 Qxa4 30. Bxf5+ Kg8 31. Bxe4 c6 32. Bg6 Qa2 33. Nd3 Qg2
34. Ne1 Qxg3+ 35. Nf3 Qxf3+ 36. Kd2 Qg2+ 37. Ke3 Rf3+ 38. Ke4 Rxc3+ 39. Kf4 Rf3+
40. Ke4 Qg4+ 41. Ke5 Qxg6 42. Qd8+ Kh7 43. Qd1 Qf5+ 44. Kd4 b6 45. Qh1 Qf4# 0-1

[Event "Challenge"]
[Site "http://www.queenalice.com/game.php?id=465982"]
[Date "2008.9.20"]
[Round "-"]
[White "edwardpopplewell"]
[Black "Losme"]
[Result "0-1"]
[WhiteElo "1251"]
[BlackElo "1431"]

1. d4 d5 2. Bg5 c6 3. Nc3 b5 4. Qd3 Be6 5. Nf3 Qc8 6. Ne5 f6 7. Nf3 Bf5 8. Qe3
fxg5 9. Nxg5 Bxc2 10. Qf3 Nf6 11. e4 Qg4 12. Ne6 Qxf3 13. gxf3 Nbd7 14. Nc7+ Kd8
15. Nxa8 Kc8 16. e5 b4 17. Ba6+ Kb8 18. exf6 bxc3 19. bxc3 exf6 20. Kd2 Bf5 21.
Rab1+ Bxb1 22. Rxb1+ Kxa8 23. c4 dxc4 24. Bb7+ Kb8 25. a4 Kc7 26. Rb4 Bxb4+ 27.
Kc2 Kxb7 28. h4 a5 29. d5 cxd5 30. Kb2 c3+ 0-1

[Event "Challenge"]
[Site "http://www.queenalice.com/game.php?id=466199"]
[Date "2008.9.21"]
[Round "-"]
[White "rubon"]
[Black "edwardpopplewell"]
[Result "1-0"]
[WhiteElo "1351"]
[BlackElo "1215"]

1. b4 e5 2. Ba3 d5 3. Nf3 Bf5 4. Nxe5 f6 5. Nf3 Qe7 6. b5 Qe6 7. c3 a6 8. Qa4 c6
9. Nd4 Qe5 10. bxc6 bxc6 11. Nxc6 Nxc6 12. Qxc6+ Kf7 13. Qxa8 g5 14. Qb7+ Be7
15. Qxa6 Nh6 16. c4 Rd8 17. c5 Bf8 18. Qb7+ Be7 19. c6 Re8 20. Bb2 Bxb1 21. Bxe5
fxe5 22. Rxb1 d4 23. c7 Ng4 24. Qd5+ Kf6 25. Rb6+ Kf5 26. Qf3# 1-0

[Event "Challenge"]
[Site "http://www.queenalice.com/game.php?id=467445"]
[Date "2008.9.23"]
[Round "-"]
[White "Tailor_Raniere_Waiandt"]
[Black "edwardpopplewell"]
[Result "0-1"]
[WhiteElo "1216"]
[BlackElo "1142"]

1. d4 d5 2. Nc3 Nc6 3. Nf3 Nf6 4. Bg5 h6 5. Bxf6 gxf6 6. e3 e6 7. g3 e5 8. dxe5
fxe5 9. Nxd5 Bb4+ 10. c3 Bc5 11. Bb5 a6 12. Bxc6+ bxc6 13. O-O cxd5 14. Nxe5 Rg8
15. Nc6 Qd7 16. Ne5 Qe6 17. Nf3 f5 18. b4 Bb6 19. Qd3 Qe4 20. Qxe4+ dxe4 21. Ne5
c5 22. Rad1 cxb4 23. cxb4 Ra7 24. Nc6 Rag7 25. h3 f4 26. exf4 e3 27. Rde1 Bxh3
28. a4 Bxf1 29. Rxf1 exf2+ 30. Kg2 Rxg3+ 31. Kh1 R8g4 32. Ne5 Rh4# 0-1

[Event "Challenge"]
[Site "http://www.queenalice.com/game.php?id=468333"]
[Date "2008.9.25"]
[Round "-"]
[White "edwardpopplewell"]
[Black "Bandonino"]
[Result "1-0"]
[WhiteElo "1209"]
[BlackElo "1143"]

1. e4 c5 2. c4 Nc6 3. Nf3 e6 4. Qa4 d6 5. Nc3 Bd7 6. e5 Nxe5 7. Qb3 Nxf3+ 8.
gxf3 Bc6 9. Nb5 a6 10. Nc3 Bxf3 11. Bg2 1-0

[Event "Challenge"]
[Site "http://www.queenalice.com/game.php?id=481679"]
[Date "2008.10.23"]
[Round "-"]
[White "Tailor_Raniere_Waiandt"]
[Black "edwardpopplewell"]
[Result "0-1"]
[WhiteElo "1210"]
[BlackElo "1227"]

1. d4 d5 2. Nc3 Nf6 3. Bg5 h6 4. Bxf6 exf6 5. e3 Nc6 6. Bb5 a6 7. Ba4 Qe7 8. Nf3
Bg4 9. O-O b5 10. Nxb5 axb5 11. Bxb5 Qe6 12. c3 Ra5 13. Bd3 Bd6 14. b4 Ra3 15.
Be2 Rxc3 16. Qd2 Bxb4 17. a3 Rxa3 18. Qd1 Na5 19. Qc1 Nb3 20. Qb1 Qb6 21. Rxa3
Bxa3 22. Qa1 Nxa1 23. Rxa1 Qb2 24. Rd1 Qxe2 25. Rf1 g5 26. h3 Bf5 27. Nh2 Bd6
28. Nf3 g4 29. Ne1 gxh3 30. gxh3 Bxh3 31. f3 Bxf1 32. e4 Rg8+ 33. Ng2 Qxg2# 0-1

[Event "AUTO-BEG-263"]
[Site "http://www.queenalice.com/game.php?id=489953"]
[Date "2008.11.8"]
[Round "1"]
[White "chefesquash"]
[Black "edwardpopplewell"]
[Result "0-1"]
[WhiteElo "1335"]
[BlackElo "1263"]

1. e4 Nc6 2. d4 Nf6 3. e5 Ne4 4. Bd3 Ng5 5. Bxg5 Nxd4 6. Nf3 h6 7. Be3 Ne6 8.
Nc3 d6 9. exd6 Qxd6 10. Bb5+ c6 11. Qxd6 exd6 12. Bd3 b5 13. Bf5 g6 14. Bxe6
Bxe6 15. O-O O-O-O 16. Bxa7 Bc4 17. Rfe1 Kb7 18. Be3 f5 19. b3 Be6 20. a4 bxa4
21. Rxa4 g5 22. Rea1 Bg7 23. Ra7+ Kc8 24. Bb6 Rd7 25. Rxd7 Bxd7 26. Ra8+ Kb7 27.
Rxh8 Bxh8 28. Bd4 Bxd4 29. Nxd4 c5 30. Nf3 g4 31. Nd2 g3 32. hxg3 Bc6 33. Nc4 d5
34. Nd6+ Kc7 35. Nxf5 h5 36. Ne7 Bb7 37. Ncxd5+ Kd6 38. Nf4 Kxe7 39. Nxh5 Be4
40. g4 Bxc2 41. Nf4 Bxb3 42. Ne2 c4 43. f4 Kf6 44. Kh2 Bd1 45. g5+ Kf5 46. Ng3+
Kxf4 47. g6 Bc2 48. g7 Bh7 49. Ne2+ Kg5 50. Kh3 Kg6 51. Kh4 Kxg7 52. g4 Kf8 53.
Kh5 Bd3 54. Nc3 Kf7 55. g5 Kg7 56. Na2 Bg6+ 57. Kh4 Bb1 58. Nc3 Bf5 59. Nd5 Be6
60. Nc3 Bf5 0-1

[Event "AUTO-BEG-263"]
[Site "http://www.queenalice.com/game.php?id=489954"]
[Date "2008.11.8"]
[Round "1"]
[White "edwardpopplewell"]
[Black "chefesquash"]
[Result "0-1"]
[WhiteElo "1265"]
[BlackElo "1220"]

1. Nf3 d5 2. d4 Nf6 3. Nc3 e6 4. e3 Bb4 5. a4 Bxc3+ 6. Bd2 Bxd2+ 7. Qxd2 c6 8.
g4 Ne4 9. Qb4 a5 10. Ne5 axb4 11. Nd3 Qh4 12. Bg2 Qxg4 13. f3 Qxg2 14. Rf1 Qd2#
0-1

[Event "Challenge"]
[Site "http://www.queenalice.com/game.php?id=495003"]
[Date "2008.11.18"]
[Round "-"]
[White "edwardpopplewell"]
[Black "Tailor_Raniere_Waiandt"]
[Result "1-0"]
[WhiteElo "1224"]
[BlackElo "1218"]

1. d4 d5 2. Qd3 Qd6 3. g3 g6 4. b3 b6 5. Nc3 Nf6 6. Bg2 Bb7 7. Qb5+ Nc6 8. Bf4
Qd7 9. Rd1 Bg7 10. a4 Nxd4 11. Qd3 Ng4 12. h3 Ne5 13. Qxd4 O-O 14. h4 1-0

[Event "CAPCHEK X EDWARDPOPPLEWELL"]
[Site "http://www.queenalice.com/game.php?id=510585"]
[Date "2008.12.20"]
[Round "-"]
[White "edwardpopplewell"]
[Black "CAPCHEK"]
[Result "0-1"]
[WhiteElo "1283"]
[BlackElo "1275"]

1. Nf3 e6 2. e4 Bd6 3. d4 Bb4+ 4. Nbd2 Nf6 5. c3 Ba5 6. b4 Bb6 7. Bb5 Rg8 8. Nc4
Nxe4 9. Qe2 Nxc3 10. Qc2 Nxb5 11. a4 Bxd4 12. axb5 Bxa1 13. Bg5 f6 14. Bh4 Rh8
15. g4 Qe7 16. O-O Qxb4 17. Rb1 Qc3 18. Qxc3 Bxc3 19. Rb3 Ba1 20. Nfd2 a5 21.
Ne4 a4 22. Rb1 Bd4 23. Rd1 Ba7 24. Nb2 Bb6 25. Rd2 a3 26. Nc4 a2 27. Rd1 a1=Q
28. Rxa1 Rxa1+ 29. Kg2 Rb1 30. Kf3 Rxb5 31. Bxf6 gxf6 32. Nxf6+ Kf7 33. Ne5+
Rxe5 0-1

[Event "Challenge"]
[Site "http://www.queenalice.com/game.php?id=534490"]
[Date "2009.2.3"]
[Round "-"]
[White "Martial"]
[Black "edwardpopplewell"]
[Result "1-0"]
[WhiteElo "1299"]
[BlackElo "1305"]

1. e4 e5 2. Nf3 Nc6 3. Bc4 Nf6 4. Nc3 d6 5. O-O h5 6. h3 Nb4 7. Ng5 c5 8. Nxf7
Qb6 9. Nxh8 h4 10. a3 a5 11. axb4 Qxb4 12. Ra4 Qb6 13. Bf7+ Ke7 14. d3 Nh5 15.
Nd5+ Kd7 16. Nxb6+ Kc6 17. Nxa8 Kd7 18. Qxh5 1-0